000 00725nam a2200193 a 4500
001 000041078
005 20201002034612.0
008 130917s2001 sp 000 0 spa d
020 _a8400079515
040 _aDO-SdBNP
_bspa
_cBNPHU
245 0 0 _aNomenmyx a nomenclatural taxabase of myxomycetes /
_ceditado por C. Lado ; J. C. Hernández.
260 _aMadrid :
_bReal Jardín Botánico,
_c2001.
300 _a219 p. ;
_c24 cm.
490 1 _aCuadernos de trabajo de Flora micológica Ibérica
_v16
700 1 _aLado, C.
_967583
700 1 _aHernández, J. C.
_967584
710 2 _aConsejo Superior de Investigaciones Sientíficas (España)
_963726
830 0 _aCuadernos de trabajo de Flora micológica Ibérica
_v16
_967585
999 _c40568
_d40568